Les 20 meilleurs pilotes de formule 1 de tous les temps! - Statistiques

Statistiques générales
  • Ce quiz a été pris 44 fois
  • Le résultat moyen est 8 sur 20
Statistiques - réponses
Hint1 Réponse % Correct
2 Hamilton
100%
1 Schumacher
100%
3 Verstappen
91%
5 Prost
77%
4 Vettel
77%
6 Senna
74%
7 Alonso
54%
11 Lauda
34%
12 Fangio
26%
13 Piquet
26%
17 Hakkinen
23%
15 Hill
23%
16 Raikkonen
23%
10 Clark
20%
8 Mansell
20%
14 Rosberg
20%
9 Stewart
20%
19 Button
17%
18 Moss
11%
20 Hill
9%
Aucun quiz correspondant
Distribution des résultats
% des personnes avec chaque résultat
Percentile par nombre de réponses
Votre historique - résultats
Vous n’avez pas pris ce quiz